<?xml version="1.0" encoding="UTF-8"?>
<record
    xmlns:xsi="http://www.w3.org/2001/XMLSchema-instance"
    xsi:schemaLocation="http://www.loc.gov/MARC21/slim http://www.loc.gov/standards/marcxml/schema/MARC21slim.xsd"
    xmlns="http://www.loc.gov/MARC21/slim">

  <leader>01303nam a2200169Ia 4500</leader>
  <controlfield tag="005">20250728154339.0</controlfield>
  <controlfield tag="008">250728s9999    xx            000 0 und d</controlfield>
  <datafield tag="020" ind1=" " ind2=" ">
    <subfield code="a">9780060854195</subfield>
  </datafield>
  <datafield tag="082" ind1=" " ind2=" ">
    <subfield code="a">951.057</subfield>
    <subfield code="b">TEN</subfield>
  </datafield>
  <datafield tag="100" ind1=" " ind2=" ">
    <subfield code="a">Qichen, Qian</subfield>
  </datafield>
  <datafield tag="245" ind1=" " ind2="0">
    <subfield code="a">Ten Episodes in China's Diplomacy</subfield>
  </datafield>
  <datafield tag="260" ind1=" " ind2=" ">
    <subfield code="b">Harper Collins</subfield>
    <subfield code="c">2006</subfield>
  </datafield>
  <datafield tag="300" ind1=" " ind2=" ">
    <subfield code="a">372 pages</subfield>
  </datafield>
  <datafield tag="500" ind1=" " ind2=" ">
    <subfield code="a">Qian Qichen played a direct role in some of the most dramatic moments in recent Chinese history -- including standoffs, efforts to build alliances, and historic summits -- and here he recounts these episodes from behind the scenes. Having witnessed and influenced high-powered political crossroads, he shows just how global relationships are delicately maintained through rarely seen negotiations. Qichen's remembrance covers world-changing events, including the thawing of China's relationship with the Soviet Union; Nelson Mandela's visit to China after his release from prison; the normalization of Sino-Indonesian relations; and the transfer of Hong Kong. As China continues to rise on the world stage, Qichen offers an inside look at its politics and relationships to other countries, helping us understand the past, present, and future of one of the world's greatest powers.</subfield>
  </datafield>
  <datafield tag="650" ind1=" " ind2=" ">
    <subfield code="a">Biography &amp; Autobiography</subfield>
  </datafield>
  <datafield tag="942" ind1=" " ind2=" ">
    <subfield code="c">ENGLISH</subfield>
  </datafield>
  <datafield tag="999" ind1=" " ind2=" ">
    <subfield code="c">577643</subfield>
    <subfield code="d">577643</subfield>
  </datafield>
  <datafield tag="952" ind1=" " ind2=" ">
    <subfield code="0">0</subfield>
    <subfield code="1">0</subfield>
    <subfield code="4">0</subfield>
    <subfield code="7">0</subfield>
    <subfield code="a">ACL</subfield>
    <subfield code="b">ACL</subfield>
    <subfield code="c">7B</subfield>
    <subfield code="d">2025-07-28</subfield>
    <subfield code="l">0</subfield>
    <subfield code="o">951.057 TEN</subfield>
    <subfield code="p">493789</subfield>
    <subfield code="r">2025-07-28 15:43:39</subfield>
    <subfield code="w">2025-07-28</subfield>
    <subfield code="y">ENGLISH</subfield>
  </datafield>
</record>
